000 00347nam a2200157Ia 4500
100 _aSadasivam/Sudha G
650 _aMiddleware
942 _cBK
366 _f25
654 _amiddleware
245 _aMiddleware and enterprise integration technologies
260 _bWiley India
_c2010
082 _bSAD
300 _a403
546 _aENGLISH
999 _c33977
_d33977